00552nam a22001577a 4500008004100000020001500041040001800056041000800074100002300082245007900105260006500184300003200249650002600281651003500307651005200342130821s1982 xxua gr eng  a0873484428 aCo-BoUCMbspa00aeng1 aWeissberg, Arnold.10aNicaragua an introduction to the Sandinista revolutioncArnold Weissberg. aNueva York (Estados Unidos)bPathfinder Pressc1982 printing a47 páginasbilustraciones04aHistoria de América aNicaraguaxHistoriay1979-1990 aNicaraguaxHistoriayRevolución, 1979xCausas